[Event "SRB Central-ch op-A 6th"]
[Site "Paracin"]
[Date "2013.07.11"]
[Round "8"]
[White "Cioara, Andrei Nestor"]
[Black "Atalik, Suat"]
[Result "0-1"]
[WhiteElo "2465"]
[BlackElo "2568"]
[Annotator "Atalik,S"]
[PlyCount "54"]
[EventDate "2013.07.05"]
[EventType "swiss"]
[EventRounds "9"]
[EventCountry "SRB"]
[SourceTitle "CBM 158"]
[Source "ChessBase"]
[SourceDate "2014.01.16"]
[SourceVersion "1"]
[SourceVersionDate "2014.01.16"]
[SourceQuality "1"]

1. b3 d5 2. Nf3 Bg4 $5 3. e3 (3. Ne5 Bf5 {is more solid} (3... Bh5 {than} 4. g4
f6 5. gxh5 fxe5 6. Bb2 Qd6)) 3... e6 4. Bb2 Nd7 5. c4 c6 6. cxd5 exd5 7. Be2
Bxf3 {I wanted to avoid} (7... Ngf6 {ideas like} 8. Nc3 (8. Nd4 $5) 8... Bd6 9.
Nd4 $5) 8. Bxf3 Ngf6 9. d3 (9. g4 $6 {do not always work.} Bd6 (9... h6 10. h4
Qe7 11. g5 hxg5 12. hxg5 Rxh1+ 13. Bxh1 Ne4 $17) 10. g5 Ne4 11. Bxe4 dxe4 12.
Qg4 Nc5 $17) 9... Bb4+ (9... Qa5+ $5 10. Kf1 (10. Nd2 Ba3) (10. Qd2 Bb4) 10...
h5 $13) ({I could have simply played} 9... Bd6 $142) 10. Nd2 a5 ({My intended
continuation was} 10... Nc5 11. Qc2 (11. Be2 Qa5) 11... Qa5 12. Bxf6 gxf6 13.
Ke2 Qb5 $13) 11. a3 Bd6 12. O-O O-O 13. e4 $6 {Instead of this awkward advance
he should have looked for b4.} (13. Bc3 Qe7 14. Qc1 Be5 15. Qb2 Bxc3 16. Qxc3
Qc5 $13) (13. Qc2 Qe7) 13... Re8 14. Qc2 Qe7 (14... dxe4 15. dxe4 Be5) 15. Rfe1
dxe4 16. Nc4 $2 {Self destructive!} (16. Nxe4 Ne5 $15) (16. Bxe4 Qf8 $15) (16.
dxe4 Be5 $15) 16... exd3 $1 {I have thought over 40 minutes for this one and
obviously I aimed for the pice sac.} (16... Be5 $5 17. Nxe5 exf3 18. Nxf3 Qd6
$15) 17. Qc3 $2 {Capitulation!} (17. Rxe7 dxc2 18. Rxd7 (18. Rxe8+ Nxe8) 18...
Nxd7 19. Nxd6 Nc5 $1 (19... Re6 20. Nxb7 Rb8 21. Nxa5 Nc5 22. b4 Nd3 23. g3
Nxb2 24. Rc1 $44) 20. Nxe8 Rxe8 21. Rf1 Nxb3 (21... Nd3 22. Bc1) 22. Bc1 (22.
h4 g6 23. Kh2 h6 $17) (22. g3 $2 Nd2 $19) 22... g6 23. g4 Re6 $17) 17... Qf8
18. Qxd3 Bc7 $17 19. Qf5 Qc5 20. Qh3 (20. Rxe8+ Rxe8 21. Qxc5 Nxc5 22. b4 axb4
23. axb4 Nd3 24. Bxf6 gxf6 25. g3 $17 {would have cut down the losses.}) 20...
a4 $1 21. Bg4 Ne5 22. Be2 (22. Nxe5 Bxe5 23. b4 Qd6 $1 24. Rad1 $140 $2 Bxb2
$19) 22... axb3 23. Qxb3 (23. Nxe5 Bxe5 24. Qxb3 Ne4 $19) 23... Neg4 24. Qf3
Bxh2+ 25. Kh1 Bc7 {A minor setback.} ({I could have decided the game with} 
25... Nxf2+ $142 $1 26. Kxh2 N6g4+ 27. Kg3 (27. Kg1 Nd3+) 27... h5 28. Rab1 (
28. Qf4 g5 29. Qc1 h4+ 30. Kf3 Qd5#) (28. Rf1 Ne4+ 29. Kh4 Qe7+ $19) (28. Bc1
g5 $19) 28... Ne4+ 29. Kh3 (29. Kh4 Qg5+ 30. Kh3 Ngf2+) 29... Ng5+ $19) 26. Kg1
Ne4 27. Ne3 {This loses at once but anything would have ended up with the same
result.} (27. Rf1 Qh5 28. Qh3 Bh2+ 29. Kh1 Nexf2+ 30. Rxf2 Nxf2+ 31. Kxh2 Qxe2
$19) 27... Bh2+ 0-1

[Event "Tekirdag Rodosto"]
[Site "Tekirdag"]
[Date "2016.11.06"]
[Round "5"]
[White "Yermolinsky, Alex"]
[Black "Atalik, Suat"]
[Result "1-0"]
[WhiteElo "2478"]
[BlackElo "2550"]
[Annotator "Atalik,S"]
[PlyCount "95"]
[EventDate "2016.11.02"]
[EventType "tourn"]
[EventRounds "9"]
[EventCountry "TUR"]
[EventCategory "11"]
[SourceTitle "CBM 176"]
[Source "ChessBase"]
[SourceDate "2017.01.17"]
[SourceVersion "1"]
[SourceVersionDate "2017.01.17"]
[SourceQuality "1"]

{The first of two Larsen's Opening I faced in this tournament.} 1. b3 d5 2. Bb2
Bg4 $5 3. Nf3 $5 (3. f3 Bh5 4. Nh3 e6 5. Nf4 Bg6 {looks normal.}) 3... Bxf3 4.
exf3 $5 (4. gxf3 Nf6 5. e3 g6 {is another option.}) 4... Nf6 5. g3 g6 6. Bg2
Bg7 7. O-O c5 $1 $146 (7... O-O {much more ambitious than} 8. f4 c6 9. d3 Nbd7
10. Nd2 Ne8 11. Bxg7 Nxg7 12. Nf3) 8. f4 Nc6 9. d3 O-O 10. Nd2 e6 11. Nf3 Nd7
12. Bxg7 Kxg7 13. c4 $1 ({Better than} 13. Re1 Qf6 14. Qd2 Rad8) 13... Qf6 (
13... dxc4 $5 14. dxc4 Qc7 15. Qe2 Rad8 16. Qb2+ Kg8 17. Rad1 Ndb8 $11) 14. Re1
({The thematic break is} 14. cxd5 $1 exd5 15. d4 $1 cxd4 16. Rc1 Rad8 17. Qd2
Rfe8 18. Rfd1 Nf8 19. b4 a6 20. a4 Ne6 21. b5 axb5 22. axb5 Ne7 23. Bh3 Nf5 $13
) 14... Rad8 15. Rc1 dxc4 $1 {After this Black won't be bothered with cxd5.} (
15... b6 16. cxd5 $1 exd5 17. d4 $1) 16. dxc4 (16. Rxc4 $6 b5 17. Rc2 e5 $1 18.
Re4 exf4 19. Rxf4 Qd6) 16... e5 $6 {Although it looks great at first sight I
grew more and more dissatisfied with this move during the game.} (16... Ndb8 $1
17. Qe2 b6 18. Rcd1 Rxd1 19. Rxd1 Rd8 $15 {and queen and knight may
collaborate better in such a position.}) 17. Ng5 $2 (17. Re4 exf4 18. Rxf4 Qb2
19. Rc2 Nde5 20. Nd2 $1 {I completely overlooked this move in my preliminary
calculations.} Qa3 21. Bxc6 Nxc6 22. Qa1+ f6 23. Nf3 Qa5 $11) (17. Nxe5 $1
Ndxe5 18. fxe5 Nxe5 19. Bd5 $1 Nc6 $11 {both pieces are in their element.} (
19... Rxd5 20. Qxd5 Nf3+ 21. Kg2 Nxe1+ 22. Rxe1 b6 23. Re3 Rd8 24. Qb7 a5 25.
Rf3 Qe6 $11)) (17. Qd2 $6 exf4 18. Qxf4 Qxf4 19. gxf4 $17) 17... exf4 18. Ne4
Qd4 (18... Qe7 $5 19. Nc3 Qg5 20. Qd2 Nf6 21. Qxf4 Qxf4 22. gxf4 Nb4 $36) 19.
Nd6 $6 (19. gxf4 Qxd1 20. Rcxd1 Nd4 21. Ng5 $132) 19... f3 $4 {An incredibly
stupid move.} (19... Nde5 $1 20. Qxd4 (20. Nxb7 Nd3 21. Bxc6 (21. Rf1 Nxc1 22.
Nxd8 Qxd1 23. Rxd1 Ne2+ 24. Kf1 Nxg3+ 25. fxg3 Rxd8 26. Rxd8 Nxd8 27. gxf4 Ne6
$19 {wins a pawn.}) 21... Qxf2+ 22. Kh1 Nxc1 23. Nxd8 Rxd8 24. Bd5 f3 $1 $19)
20... Nxd4 21. Rxe5 (21. Nxb7 Nef3+ 22. Bxf3 Nxf3+ 23. Kf1 Nxe1 $1 24. Nxd8 Nd3
25. Rd1 Rxd8 26. Ke2 fxg3 27. fxg3 Nf4+ 28. gxf4 Rxd1 29. Kxd1 Kf6 30. Ke2 Kf5
31. Kf3 a5 32. a3 f6 $19 {with a winning pawn ending.}) 21... Rxd6 22. Bxb7 (
22. gxf4 Ra6 $19) 22... Rb8 23. Bh1 (23. Bd5 $4 Rxd5 $1 $19 {with a double
knight fork.}) 23... Ra6 24. Rd1 Rxa2 25. Rxc5 f3 $1 $17 {From these lines it
becomes clear that the f-pawn should be kept.}) ({That is why the following
idea is not correct either.} 19... fxg3 $6 20. hxg3 Nde5 21. Qxd4 Nxd4 22. Rxe5
Rxd6 23. Bxb7 Rb8 24. Bg2 Ra6 $15) 20. Bxf3 Nce5 $2 (20... Nde5 $142 $1 21.
Nxb7 (21. Bxc6 Nd3 22. Nxb7 Qxf2+ 23. Kh1 Qb2 24. Rb1 Nf2+ 25. Kg2 Nxd1+ 26.
Rxb2 Nxb2 27. Nxd8 Rxd8 28. Bd5 Kf8 29. Re3 Re8 30. Kf3 Rxe3+ 31. Kxe3 Nd1+ {
and the knight could not be trapped.} 32. Kd2 Nf2 33. Bf3 h5 34. h4 f5 35. a3
a5 36. Kc3 Ke7 37. b4 cxb4+ 38. axb4 axb4+ 39. Kxb4 Nd3+ 40. Kb5 f4 41. gxf4
Nxf4 42. c5 Ne6 43. Bd5 Nxc5 $11) 21... Qxd1 (21... Nd3 22. Rf1) 22. Bxd1 Nd3
23. Nxd8 Rxd8 24. Bf3 Nd4 25. Kg2 Nxc1 26. Rxc1 Re8 $44) {I missed this.} 21.
Be4 $1 ({Even} 21. Be2 b6 22. Nb5 $1 $16 {is clearly better for White.}) 21...
b6 (21... f5 22. Bd5 Nd3 23. Re7+) 22. Nb5 $1 {I did not see this one either.}
Qxd1 23. Rcxd1 Nf6 24. Bg2 $5 {A simpler move.} (24. Rxd8 Rxd8 25. Bg2 Nd3 26.
Rd1 Ng4 27. Bf1 Ngxf2 28. Rd2 Rd7 29. Nc3 Rd4 30. Rxf2 Nxf2 31. Kxf2 $14) (24.
Bh1 Nd3 25. Re2 a6 26. Nc7 Rd7 27. Nxa6 Rfd8 $44 (27... Nf4 28. Red2 Ne2+ 29.
Kf1 Nd4 30. b4 (30. Nb4 Ng4 31. Bd5 Rfd8 $13) 30... Ra7 31. bxc5 Rxa6 32. Rxd4
bxc5 33. R4d2 Rb8 $44)) 24... Nd3 25. Re2 (25. Re7 Nb4 $132) 25... Nf4 {
With the help of this natural move Black exchanges White's dangerous bishop.} (
25... Ng4 $5 26. Bd5 Nb4 27. Nxa7 Nf6 28. Red2 Nfxd5 29. cxd5 Ra8 30. Nb5 Rxa2
31. Rxa2 Nxa2 32. d6 Kf6 $14 {and Black may survive.}) 26. Red2 Rxd2 27. Rxd2
Nxg2 28. Kxg2 $16 (28. Nxa7 $4 Ne1) 28... Ra8 $5 (28... a6 29. Nc7 (29. Nc3 Re8
$14) 29... Rc8 30. Nxa6 Ne4 (30... Ne8 31. b4 cxb4 32. Rd4 Ra8 33. Nxb4 Ra4 34.
Nd5 Rxa2 35. Nxb6 Nc7 $44) 31. Re2 Nd6 (31... Nc3 32. Rc2 Ne4 $44)) 29. Rd6 $5
(29. Kf3 Kf8 30. g4 h6 31. h4 Ke7 $14) 29... a6 $4 {The losing move.} (29...
Re8 30. Kf1 (30. Nxa7 Ra8 $1 31. Nb5 Rxa2 32. Rxb6 (32. Kf3 Rb2 $11) 32... Ng4
33. h3 Nxf2 34. Nc3 Rc2 35. Na4 $11) 30... Re7 31. f3 $14 {with a slight pull
for White.}) 30. Nc7 $1 (30. Nc3 $2 b5 31. Rc6 bxc4 32. bxc4 Rd8 $44) 30... Ra7
31. Nd5 (31. Rc6 Nd7 32. f4 b5 33. a4 bxa4 34. bxa4 Nb8 35. Rxc5 Nd7 36. Rc6
Nb8 37. Ne8+ Kf8 38. Rc8 Nd7 39. Nc7+ Ke7 40. Nd5+ Kd6 41. Nb4 $16) 31... Nxd5
32. cxd5 $1 $18 {The rook ending is totally lost for Black.} b5 (32... a5 33.
Rxb6 a4 34. Kf3 axb3 35. axb3 $18) (32... Rb7 33. Kf3 Kf8 34. Ke4 Ke7 35. Ke5
$18 (35. Rc6 $18)) 33. Kf3 $1 {This boxes the black king in for a while.} (33.
Rc6 $6 Rd7 34. Rxc5 Kf6 35. Rc6+ Ke5 36. Rxa6 Kxd5 $16) 33... f5 34. h4 (34.
Ke3 $2 Re7+ 35. Kd3 Re4) 34... b4 (34... Re7 35. Rxa6 Rd7 36. Ra5 Rxd5 37. Rxb5
Rd2 38. a4 Rc2 39. Ke3 $18) (34... a5 35. Rc6 c4 36. bxc4 bxc4 37. Rxc4 Kf6 38.
Kf4 $18) 35. Rc6 Re7 36. Rxc5 Re5 37. Ra5 ({I was more concerned about} 37.
Rc7+ Kh6 (37... Kf6 38. Rc6+ Kg7 (38... Kf7 39. Rxa6 Rxd5 40. Rb6 Rd2 41. Rxb4
Rxa2 42. Rb7+ Kg8 43. b4 $18) 39. d6 $18) 38. d6 Rd5 39. d7 (39. Rd7 g5 40.
hxg5+ Kxg5 41. Rxh7 Rxd6 42. Rg7+ Kf6 43. Rb7 a5 44. Rb5 Ra6 45. Kf4 $18) 39...
g5 40. Rc6+ Kh5 41. Rc5 Rxd7 42. Rxf5 h6 43. hxg5 hxg5 44. Rf6 g4+ 45. Kg2 Ra7
46. Rf5+ Kg6 47. Rf4 $18) 37... Kh6 (37... h6 38. h5 (38. g4 fxg4+ 39. Kxg4 Rf5
) 38... gxh5 (38... g5 39. g4 f4 40. Rc5 Kf7 41. Rc7+ Ke8 42. Ra7 Rxd5 43. Rxa6
$18) 39. Kf4 Re2 40. f3 $18) (37... h5 38. Kg2 Kh6 39. f4 Re2+ 40. Kf3 Rd2 41.
Ke3 Rd1 42. Rxa6 Rxd5 43. Ra4 Rb5 44. Kd4 $18) 38. g4 $1 {White broadens the
bridgehead by exchanging kingside pawns.} fxg4+ (38... Re4 39. gxf5 Rxh4 40.
Rxa6 $18) 39. Kxg4 Kg7 40. f4 Re3 $2 {This loses at once. I should have
prevented more pawn exchanges.} (40... Rh5 $5 41. Kf3 Rxh4 42. Rxa6 (42. d6 Kf7
43. Re5 Rh2 44. Ke3 Rh1 45. Kd2 Rh2+ 46. Kd3 Rh1 47. Kc4 Rd1 48. Kc5 h5 49. Kc6
$18) 42... Rh2 43. Ke3 Kf7 44. Ra7+ Kf6 45. Kd4 $18) 41. h5 $18 gxh5+ 42. Kxh5
Kf6 43. Kg4 h5+ 44. Kxh5 Kf5 45. d6+ Kxf4 46. Rd5 Re8 47. d7 Rd8 48. Kg6 1-0

[Event "EU-Cup 21st"]
[Site "Saint Vincent"]
[Date "2005.09.21"]
[Round "4.3"]
[White "Stanec, Nikolaus"]
[Black "Haznedaroglu, Kivanc"]
[Result "1-0"]
[WhiteElo "2566"]
[BlackElo "2430"]
[Annotator "Atlas,V"]
[PlyCount "49"]
[EventDate "2005.09.18"]
[EventType "team-swiss"]
[EventRounds "7"]
[EventCountry "ITA"]
[SourceTitle "CBM 110"]
[Source "ChessBase"]
[SourceDate "2006.01.31"]
[SourceVersion "1"]
[SourceVersionDate "2006.01.31"]
[SourceQuality "1"]
[WhiteTeam "Ansfelden"]
[BlackTeam "Istanbul"]
[WhiteTeamCountry "AUT"]
[BlackTeamCountry "TUR"]

1. Nf3 d5 2. d3 Nc6 3. g3 Bg4 4. Bg2 Qd7 5. h3 Bh5 6. Nbd2 e5 7. c3 O-O-O 8. g4
Bg6 9. Nh4 Be7 10. Nxg6 hxg6 11. b4 f5 12. b5 Nb8 13. Qa4 Bc5 14. Nb3 Bb6 15.
Bg5 Nf6 16. Bxf6 gxf6 17. c4 dxc4 18. Qxc4 fxg4 19. hxg4 Rxh1+ 20. Bxh1 Qh7 21.
O-O-O a6 $2 ({This untimely pawn move weakens the position of the black king
and yields White excellent attacking prospects.} 21... f5 {was to be preferred.
}) 22. Kb1 axb5 $2 (22... f5 {was more tenacious. Now White's attack becomes
irresisitble.}) 23. Qxb5 Qd7 (23... Qe7 {falls short of} 24. Na5 {The text
move simplifies White's task.}) {[%tqu "En","Black seems to have defended. Yet,
White found here a nice winning combination. Can you find it too?","Exploit a
weakness of the b7-pawn and watch out for geometrical motives!","Sacrifice
your bishop!","h1b7","This elegant move wins a queen.",3]} 24. Bxb7+ $1 {
[%csl Gb3,Rd7][%cal Gb3c5] A neat finish. Black loses his queen.} (24. Nc5 $4 {
would be a terrible mistake:} Qxb5+) 24... Kxb7 25. Nc5+ 1-0

[Event "Olympiad-32"]
[Site "Yerevan"]
[Date "1996.09.23"]
[Round "7.4"]
[White "Blatny, Pavel"]
[Black "Rublevsky, Sergei"]
[Result "0-1"]
[WhiteElo "2490"]
[BlackElo "2645"]
[Annotator "Belov,I"]
[PlyCount "70"]
[EventDate "1996.09.15"]
[EventType "team-swiss"]
[EventRounds "14"]
[EventCountry "ARM"]
[SourceTitle "CBM 055"]
[Source "ChessBase"]
[SourceDate "1996.12.01"]
[SourceVersion "1"]
[SourceVersionDate "1996.12.01"]
[SourceQuality "1"]
[WhiteTeam "Czech Republic"]
[BlackTeam "Russia"]
[WhiteTeamCountry "CZE"]
[BlackTeamCountry "RUS"]

1. Nf3 d5 2. e3 Nf6 3. b3 Bf5 (3... Bg4 4. Bb2 Nbd7 5. Be2 (5. h3 Bxf3 6. Qxf3
e5 7. g4 c6 8. g5 Ne4 9. h4 Bd6 10. Bh3 Qe7 11. d3 Nec5 12. Nd2 O-O 13. O-O-O
a5 $15 {Barle,J-Zelcic,R/Balatonbereny/1994/0:1/34/}) 5... e6 6. O-O Bd6 7. h3
Bh5 8. d4 O-O 9. c4 c6 10. Nc3 Rc8 $10 {Bonoev,P-Akhamadeev,V/RUS-ch/1994/0:1/
63/}) 4. Bb2 Nbd7 (4... e6 5. Be2 Nbd7 6. c4 c6 7. O-O Be7 (7... h6 $142) 8.
Nh4 O-O 9. Nc3 Nc5 10. Nxf5 exf5 11. Qc2 dxc4 12. bxc4 Nfe4 13. Rad1 $14 {
Gostisa,L-Potocnik,P/Bled/1995/1:0/42/}) 5. d3 c6 6. Nbd2 Qc7 7. Nh4 (7. Qe2 e5
8. e4 dxe4 9. dxe4 Bg4 10. h3 Bxf3 11. Qxf3 Bc5 12. Be2 O-O 13. O-O $10) 7...
Bg4 8. Be2 Bxe2 9. Qxe2 e6 10. f4 Bd6 11. g3 (11. g4 O-O 12. g5 Ne8 13. Qg4 $36
) (11. Nhf3 O-O 12. O-O-O $13) 11... O-O 12. e4 dxe4 13. dxe4 Bb4 14. O-O-O $6
(14. Nhf3 a5 15. a4 $10) 14... a5 15. Nc4 $6 (15. e5 Nd5 16. Ne4 a4 17. c4 $13)
15... a4 16. a3 Be7 17. b4 b5 $15 18. Ne3 (18. Ne5 Rfc8 19. Nxd7 Nxd7 20. Qg4
Nf6 21. Qf3 c5 $36) 18... Rfc8 19. Nhf5 $2 (19. e5 Nd5 20. Nxd5 cxd5 21. Nf3
Nb6 22. Nd4 (22. Kb1 Nc4 23. Bc1 $17) 22... Nc4 $22 23. Nxb5 Qb6 24. Nd4 Nxb2
25. Kxb2 Bxb4 $1 $40) 19... exf5 $17 20. Nxf5 Re8 21. Qf3 Bf8 22. Rhe1 Rac8 23.
Re2 g6 $1 24. g4 $6 (24. Nh4 Bg7 $17) 24... gxf5 25. gxf5 Bh6 $1 26. Rf1 Kf8
$19 27. Kb1 Bxf4 $1 28. e5 Bxe5 29. Qh3 Bxb2 30. Qh6+ Kg8 31. Rg2+ Ng4 $8 32.
Rxg4+ Kh8 33. f6 Bxf6 $1 34. Rxf6 Re1+ 35. Ka2 Ra1+ (35... Ra1+ 36. Kxa1 Qe5+
37. Ka2 Qxf6 $19) 0-1

[Event "USA-ch"]
[Site "Greenville"]
[Date "1983.??.??"]
[Round "2"]
[White "Dzindzichashvili, Roman"]
[Black "Alburt, Lev O"]
[Result "1-0"]
[WhiteElo "2460"]
[BlackElo "2560"]
[Annotator "Bulletin"]
[PlyCount "77"]
[EventDate "1983.07.??"]
[EventType "tourn"]
[EventRounds "13"]
[EventCountry "USA"]
[EventCategory "10"]
[SourceTitle "MCL"]
[Source "ChessBase"]
[SourceDate "1999.07.01"]
[SourceVersion "1"]
[SourceVersionDate "1999.07.01"]
[SourceQuality "1"]

1. Nf3 Nf6 2. b3 d5 3. Bb2 Bg4 4. e3 e6 5. h3 Bh5 6. d3 Nbd7 7. Nbd2 c6 8. Be2
a5 9. a3 h6 10. O-O Bg6 11. c4 Be7 12. Bc3 O-O 13. b4 dxc4 $6 (13... axb4 14.
axb4 Qc7 $2) 14. dxc4 axb4 15. axb4 Qb6 16. Qb3 Rfc8 17. Rfd1 Rxa1 18. Rxa1 Qd8
$1 19. Ra7 Ra8 20. Qa2 (20. Rxb7 $2 Qc8) 20... Rxa7 21. Qxa7 Qc8 (21... Qb8 22.
Qxb8+ Nxb8 23. Ne5 Bc2 24. f4 $1) 22. Nb3 Ne8 23. Be1 c5 $1 24. b5 Nd6 25. Bc3
f6 (25... Bf6 $6 26. Bxf6 gxf6 27. Na5 $1) 26. Nfd2 Bf7 27. Bf3 Bd8 28. Ba5 $1
(28. Na5 Bb6) 28... Be7 $1 29. Bb6 e5 $1 30. Na5 (30. Bxc5 Nxc5 31. Qxc5 Qxc5
32. Nxc5 Nxc4 33. Nxc4 Bxc4 $10) 30... Nxb6 31. Qxb6 Qf8 $4 (31... Bd8 $1 32.
Qxd6 Bxa5 33. Nb3 Qc7 34. Qxc5 Qxc5 (34... Bxc4 35. Bd5+ Bxd5 36. Qxd5+ Kh8 37.
Nxa5 Qxa5 38. Qxb7 $18) 35. Nxc5 Bxc4 36. Nxb7 Bb6 37. Nd6 Be6 $1) 32. Nxb7
Nxc4 33. Nxc4 Bxc4 34. Qc6 Kh8 35. b6 Bf7 36. Na5 Bd6 37. Bd5 $1 Be8 38. Qc8 c4
39. Nxc4 1-0

[Event "Sigeman & Co 19th"]
[Site "Malmo"]
[Date "2011.06.10"]
[Round "2"]
[White "So, Wesley"]
[Black "Shirov, Alexei"]
[Result "1-0"]
[WhiteElo "2667"]
[BlackElo "2701"]
[Annotator "CB"]
[PlyCount "117"]
[EventDate "2011.06.09"]
[EventType "tourn"]
[EventRounds "5"]
[EventCountry "SWE"]
[EventCategory "15"]
[SourceTitle "CBM 143"]
[Source "ChessBase"]
[SourceDate "2011.07.15"]
[SourceVersion "1"]
[SourceVersionDate "2011.07.15"]
[SourceQuality "1"]

1. d4 d5 2. c4 c6 3. Nf3 Nf6 4. e3 e6 5. b3 Nbd7 6. Bd3 Bd6 7. Bb2 Qe7 8. Ne5
Bb4+ 9. Nd2 Nxe5 10. dxe5 Nd7 11. a3 (11. O-O {is the usual continuation here.}
) 11... Ba5 12. O-O f6 $5 13. Nf3 Bc7 14. exf6 Nxf6 15. Ne5 O-O 16. f4 Bd7 17.
Rf3 Be8 18. Qc2 Bxe5 19. Bxe5 Ne4 20. Bxe4 dxe4 {[#]} 21. Rff1 $1 {White could
perfectly well take the pawn with Qxe4. There is no hidden trap in case you
are looking for one. However, while White's bishop is as domineering a pivot
as Shaquille O'Neal, Black's counterpart is a homeless soldier in search of a
place to stay. The e4 pawn imprisons Shirov's bishop so why help him?} Bg6 22.
c5 Rfd8 23. Bd6 Qf7 24. Rad1 Bf5 25. Rd4 Rd7 26. h3 h5 27. Rfd1 Qg6 28. Kh2 h4
29. Qf2 Qh5 30. R1d2 {[#]} Kh7 $2 {Black is obviously in a very uncomfortable
position, however this move just gives away the only open file in the position.
} ({Black had to play} 30... Rad8 {to create greater resistance.}) 31. Be5 Rf7
32. Rd7 Raf8 33. R2d6 Kg8 34. Rxf7 Rxf7 35. Rd8+ Kh7 36. a4 a6 37. Qe1 Bg6 {
[#] Black is so tied up he has nothing better to do than shuffle the pieces
around and wait for the axman with his head on the chopping block.} 38. Kg1 Bf5
39. Qf2 Bg6 40. Kf1 Rf5 41. Ke1 Be8 42. Qd2 Qg6 43. Rb8 Qg3+ 44. Qf2 Bh5 45.
Rxb7 Rf7 46. Qxg3 hxg3 47. Rb6 Rd7 48. Bd6 e5 49. fxe5 Rf7 50. e6 Rf2 51. Bxg3
Rxg2 52. Bf4 g5 53. Kf1 Rc2 54. Bxg5 Rxc5 55. h4 Kg6 56. e7 Kf5 57. Rb8 Re5 58.
Rf8+ Kg4 59. Kg2 1-0